000
00366nam a22001337a 4500
003
SGT
020
_a
8186547002
082
_a
891.4309
_b
A95N
100
_a
नाग, राजीव रंजन
245
_a
आंदोलन की त्रासदी : 1974
260
_b
मीडिया प्रकाशन
_c
1995
300
_a
232
942
_2
ddc
_c
BK
999
_c
30177
_d
30177